000 00464nam a22001817a 4500
999 _c4014
_d4014
003 GBCCL
005 20241126110509.0
008 171220b xxu||||| |||| 00| 0 eng d
040 _cgbc
082 _a248.4
_bMOO
100 _aMoody, D. L.
_97772
245 _aFinding God /
_cD. L. Moody
260 _aChicago:
_bMoody Press,
_c1958
300 _a159 p.;
_c16 cm.
440 _aMoody Pocket Books
_v34
_97773
648 _aChristian life
_99451
942 _2ddc
_cBK
_01